000 01495cam a2200337 a 4500
001 14853702
003 OSt
005 20240624095436.0
008 070517s2007 enka b 001 0 eng
010 _a 2007020917
015 _aGBA736620
_2bnb
016 7 _a013745782
_2Uk
020 _a0199232369 (hbk. : alk. paper)
020 _a9780199232369 (hbk. : alk. paper)
035 _a(OCoLC)ocn132294085
035 _a(OCoLC)132294085
040 _aDLC
_cMUST
_dUKM
_dBTCTA
_dBAKER
_dBWKUK
_dYDXCP
_dIXA
_dDLC
082 0 0 _a340 ATK 2007
100 1 _aAtkins, P. W.
_q(Peter William),
_d1940-
_917616
245 1 0 _aFour laws that drive the universe /
_cPeter Atkins.
260 _aOxford ;
_aNew York :
_bOxford University Press,
_c2007.
300 _a130 p. :
_bill. ;
_c21 cm.
504 _aIncludes bibliographical references (p. [125]) and index.
505 0 _aThe zeroth law : the concept of temperature -- The first law : the conservation of energy -- The second law : the increase in entropy -- Free energy : the availability of work -- The third law : the unattainability of zero.
650 0 _aLaws of thermodynamics.
_917617
650 0 _aPhysical laws.
_913264
856 4 1 _3Table of contents only
_uhttp://www.loc.gov/catdir/toc/ecip0718/2007020917.html
906 _a7
_bcbc
_corignew
_d1
_eecip
_f20
_gy-gencatlg
942 _2ddc
_cO_SHELF
999 _c8714
_d8714